| Tag |
First Indicator |
Second Indicator |
Subfields |
| LEADER |
00000cam a2200000 4500 |
| 001 |
in00000736821 |
| 005 |
20151016081837.0 |
| 008 |
700414s1970 nyua be 00100 eng |
| 010 |
|
|
|a 70087149
|
| 035 |
|
|
|a (OCoLC)00066041
|
| 035 |
|
|
|9 ADG5655AM
|
| 040 |
|
|
|a DLC
|c DLC
|d TXA
|d UtOrBLW
|
| 049 |
|
|
|a TXAM
|v 1 [666584]
|v 2 [666585]
|v 3 [666586]
|v 4 [666587]
|v 5 [666588]
|v 6 [666589]
|v 7 [666590]
|v 8 [666591]
|v 9 [666592]
|v 10 [666593]
|v 11 [666594]
|v 12 [666595]
|v 13 [666596]
|v 14 [666597]
|v 15 [666598]
|v 16 [666599]
|v 17 [666600]
|v 18 [666601]
|v 19 [666602]
|v 20 [666603]
|v 21 [666604]
|v 22 [666605]
|v 23 [666606]
|v 24 [666607]
|
| 050 |
0 |
0 |
|a AE5
|b .C683 1970
|
| 082 |
0 |
|
|a 031
|
| 245 |
0 |
0 |
|a Collier's encyclopedia, with bibliography and index /
|c William D. Halsey, editorial director; Louis Shores, editor in chief; Robert H. Blackburn, consultant for Canada; Sir Frank Francis, consultant for Great Britain.
|
| 264 |
|
1 |
|a [New York] :
|b Crowell-Collier Educational Corp.,
|c 1970.
|
| 300 |
|
|
|a 24 volumes :
|b illustrations (part color) ;
|c 28 cm.
|
| 336 |
|
|
|a text
|b txt
|2 rdacontent
|
| 337 |
|
|
|a unmediated
|b n
|2 rdamedia
|
| 338 |
|
|
|a volume
|b nc
|2 rdacarrier
|
| 504 |
|
|
|a Volume 24: Bibliography and index.
|
| 650 |
|
0 |
|a Encyclopedias and dictionaries.
|
| 650 |
|
0 |
|a Bibliography.
|
| 700 |
1 |
|
|a Halsey, William Darrach,
|d 1918-
|
| 700 |
1 |
|
|a Shores, Louis,
|d 1904-1981.
|
| 710 |
2 |
|
|a Crowell-Collier Educational Corporation.
|
| 999 |
|
|
|a MARS
|
| 999 |
f |
f |
|s 37a3df37-791a-31a8-872f-bd539a9f218b
|i 0e675caf-ffd0-3383-ad0a-85f334def8f2
|t 0
|
| 952 |
f |
f |
|p storage
|a Texas A&M University
|b J.J. Pickle Campus
|c High Density Repository
|d Remote Storage
|t 0
|e AE5 .C683 1970
|h Library of Congress classification
|i unmediated -- volume
|k v.15
|m A14801566195
|
| 952 |
f |
f |
|p storage
|a Texas A&M University
|b J.J. Pickle Campus
|c High Density Repository
|d Remote Storage
|t 0
|e AE5 .C683 1970
|h Library of Congress classification
|i unmediated -- volume
|k v.19
|m A14801566234
|
| 952 |
f |
f |
|p storage
|a Texas A&M University
|b J.J. Pickle Campus
|c High Density Repository
|d Remote Storage
|t 0
|e AE5 .C683 1970
|h Library of Congress classification
|i unmediated -- volume
|k v.24
|m A14801566284
|
| 952 |
f |
f |
|p storage
|a Texas A&M University
|b J.J. Pickle Campus
|c High Density Repository
|d Remote Storage
|t 0
|e AE5 .C683 1970
|h Library of Congress classification
|i unmediated -- volume
|k v.8
|m A14801566129
|
| 952 |
f |
f |
|p storage
|a Texas A&M University
|b J.J. Pickle Campus
|c High Density Repository
|d Remote Storage
|t 0
|e AE5 .C683 1970
|h Library of Congress classification
|i unmediated -- volume
|k v.6
|m A14801566103
|
| 952 |
f |
f |
|p storage
|a Texas A&M University
|b J.J. Pickle Campus
|c High Density Repository
|d Remote Storage
|t 0
|e AE5 .C683 1970
|h Library of Congress classification
|i unmediated -- volume
|k v.4
|m A14801566080
|
| 952 |
f |
f |
|p storage
|a Texas A&M University
|b J.J. Pickle Campus
|c High Density Repository
|d Remote Storage
|t 0
|e AE5 .C683 1970
|h Library of Congress classification
|i unmediated -- volume
|k v.11
|m A14801566153
|
| 952 |
f |
f |
|p storage
|a Texas A&M University
|b J.J. Pickle Campus
|c High Density Repository
|d Remote Storage
|t 0
|e AE5 .C683 1970
|h Library of Congress classification
|i unmediated -- volume
|k v.22
|m A14801566268
|
| 952 |
f |
f |
|p storage
|a Texas A&M University
|b J.J. Pickle Campus
|c High Density Repository
|d Remote Storage
|t 0
|e AE5 .C683 1970
|h Library of Congress classification
|i unmediated -- volume
|k v.3
|m A14801566072
|
| 952 |
f |
f |
|p storage
|a Texas A&M University
|b J.J. Pickle Campus
|c High Density Repository
|d Remote Storage
|t 0
|e AE5 .C683 1970
|h Library of Congress classification
|i unmediated -- volume
|k v.9
|m A14801566137
|
| 952 |
f |
f |
|p storage
|a Texas A&M University
|b J.J. Pickle Campus
|c High Density Repository
|d Remote Storage
|t 0
|e AE5 .C683 1970
|h Library of Congress classification
|i unmediated -- volume
|k v.16
|m A14801566200
|
| 952 |
f |
f |
|p storage
|a Texas A&M University
|b J.J. Pickle Campus
|c High Density Repository
|d Remote Storage
|t 0
|e AE5 .C683 1970
|h Library of Congress classification
|i unmediated -- volume
|k v.12
|m A14801566161
|
| 952 |
f |
f |
|p storage
|a Texas A&M University
|b J.J. Pickle Campus
|c High Density Repository
|d Remote Storage
|t 0
|e AE5 .C683 1970
|h Library of Congress classification
|i unmediated -- volume
|k v.17
|m A14801566218
|
| 952 |
f |
f |
|p storage
|a Texas A&M University
|b J.J. Pickle Campus
|c High Density Repository
|d Remote Storage
|t 0
|e AE5 .C683 1970
|h Library of Congress classification
|i unmediated -- volume
|k v.23
|m A14801566276
|
| 952 |
f |
f |
|p storage
|a Texas A&M University
|b J.J. Pickle Campus
|c High Density Repository
|d Remote Storage
|t 0
|e AE5 .C683 1970
|h Library of Congress classification
|i unmediated -- volume
|k v.21
|m A14801566250
|
| 952 |
f |
f |
|p storage
|a Texas A&M University
|b J.J. Pickle Campus
|c High Density Repository
|d Remote Storage
|t 0
|e AE5 .C683 1970
|h Library of Congress classification
|i unmediated -- volume
|k v.13
|m A14801566179
|
| 952 |
f |
f |
|p storage
|a Texas A&M University
|b J.J. Pickle Campus
|c High Density Repository
|d Remote Storage
|t 0
|e AE5 .C683 1970
|h Library of Congress classification
|i unmediated -- volume
|k v.20
|m A14832410597
|
| 952 |
f |
f |
|p storage
|a Texas A&M University
|b J.J. Pickle Campus
|c High Density Repository
|d Remote Storage
|t 0
|e AE5 .C683 1970
|h Library of Congress classification
|i unmediated -- volume
|k v.5
|m A14801566098
|
| 952 |
f |
f |
|p storage
|a Texas A&M University
|b J.J. Pickle Campus
|c High Density Repository
|d Remote Storage
|t 0
|e AE5 .C683 1970
|h Library of Congress classification
|i unmediated -- volume
|k v.1
|m A14801566056
|
| 952 |
f |
f |
|p storage
|a Texas A&M University
|b J.J. Pickle Campus
|c High Density Repository
|d Remote Storage
|t 0
|e AE5 .C683 1970
|h Library of Congress classification
|i unmediated -- volume
|k v.10
|m A14801566145
|
| 952 |
f |
f |
|p storage
|a Texas A&M University
|b J.J. Pickle Campus
|c High Density Repository
|d Remote Storage
|t 0
|e AE5 .C683 1970
|h Library of Congress classification
|i unmediated -- volume
|k v.14
|m A14801566187
|
| 952 |
f |
f |
|p storage
|a Texas A&M University
|b J.J. Pickle Campus
|c High Density Repository
|d Remote Storage
|t 0
|e AE5 .C683 1970
|h Library of Congress classification
|i unmediated -- volume
|k v.2
|m A14801566064
|
| 952 |
f |
f |
|p storage
|a Texas A&M University
|b J.J. Pickle Campus
|c High Density Repository
|d Remote Storage
|t 0
|e AE5 .C683 1970
|h Library of Congress classification
|i unmediated -- volume
|k v.7
|m A14801566111
|
| 952 |
f |
f |
|p storage
|a Texas A&M University
|b J.J. Pickle Campus
|c High Density Repository
|d Remote Storage
|t 0
|e AE5 .C683 1970
|h Library of Congress classification
|i unmediated -- volume
|k v.18
|m A14801566226
|
| 998 |
f |
f |
|a AE5 .C683 1970
|s v.1-v.24
|t 0
|l Remote Storage
|